Schtroumpf ou Monsieur Madame - Statistiques

Statistiques générales
  • Ce quiz a été pris 65 fois
  • Le résultat moyen est 19 sur 30
Statistiques - réponses
Hint Réponse % Correct
À lunettes Les Schtroumpfs
86%
Bing Monsieur Madame
84%
Mal Élevé Monsieur Madame
83%
Bizarre Monsieur Madame
83%
Bricoleur Les Schtroumpfs
81%
Lent Monsieur Madame
81%
Câlin Monsieur Madame
79%
Range-Tout Monsieur Madame
79%
Gourmand Les Schtroumpfs
78%
Paresseux Les Schtroumpfs
78%
Inquiet Monsieur Madame
78%
Musicien Les Schtroumpfs
76%
Casse-Pieds Monsieur Madame
76%
Rêveur Les Schtroumpfs
72%
Bébé Les Schtroumpfs
66%
Catastrophe Monsieur Madame
64%
Rigolo Monsieur Madame
64%
Sauvage Les Schtroumpfs
59%
Bêta Les Schtroumpfs
59%
Atchoum Monsieur Madame
59%
Acrobate Monsieur Madame
50%
Bavard Monsieur Madame
50%
Menteur Les Schtroumpfs
47%
Joueur Les Schtroumpfs
47%
Bagarreur Monsieur Madame
43%
Distrait Les Schtroumpfs
40%
Courageux Monsieur Madame
40%
Frileux Les Schtroumpfs
33%
Fêtard Les Schtroumpfs
31%
Discret Les Schtroumpfs
31%
Aucun quiz correspondant
Distribution des résultats
% des personnes avec chaque résultat
Percentile par nombre de réponses
Votre historique - résultats
Vous n’avez pas pris ce quiz